[Event "WchT U26 03rd"]
[Site "Graz"]
[Date "1981.08.23"]
[Round "7"]
[White "Trabattoni, Franco"]
[Black "Greenberg, N."]
[Result "0-1"]
[WhiteElo "2310"]
[BlackElo "2295"]
[PlyCount "80"]
[EventDate "1981.08.17"]
[EventType "team-swiss"]
[EventRounds "11"]
[EventCountry "AUT"]
[SourceTitle "EXT 2020"]
[Source "ChessBase"]
[SourceDate "2019.10.17"]
[SourceVersion "1"]
[SourceVersionDate "2019.10.17"]
[SourceQuality "1"]
[WhiteTeam "Italy"]
[BlackTeam "Israel"]
[WhiteTeamCountry "ITA"]
[BlackTeamCountry "ISR"]

1. e4 e5 2. Nf3 Nc6 3. Bb5 g6 4. 0-0 Bg7 5. c3 d6 6. h3 Nf6 7. d4 Bd7 8. Nbd2 0-0 9. a4 Nh5 10. Nb3 a6 11. Bc4 Nf4 12. d5 Nb8 13. Bxf4 exf4 14. Nbd4 Re8 15. Ne6 fxe6 16. dxe6 Kh8 17. exd7 Nxd7 18. Re1 a5 19. Qd5 Ne5 20. Nxe5 Bxe5 21. Qd3 Qf6 22. Qf3 Kg7 23. Rad1 h5 24. Be2 Rh8 25. Qd3 c6 26. Qc4 Raf8 27. Rd3 Rf7 28. Red1 Qe7 29. b4 Qc7 30. b5 g5 31. Bf3 Rh6 32. Qb3 Qc8 33. Be2 g4 34. c4 c5 35. Bf1 Qd8 36. Qc2 f3 37. Qd2 Rg6 38. Rd5 Qf6 39. Kh1 fxg2+ 40. Bxg2 gxh3 0-1

[Event "WchT U26 03rd"]
[Site "Graz"]
[Date "1981.08.22"]
[Round "6"]
[White "Greenberg, N."]
[Black "Lau, Ralf"]
[Result "1/2-1/2"]
[WhiteElo "2295"]
[BlackElo "2405"]
[PlyCount "39"]
[EventDate "1981.08.17"]
[EventType "team-swiss"]
[EventRounds "11"]
[EventCountry "AUT"]
[SourceTitle "EXT 2020"]
[Source "ChessBase"]
[SourceDate "2019.10.17"]
[SourceVersion "1"]
[SourceVersionDate "2019.10.17"]
[SourceQuality "1"]
[WhiteTeam "Israel"]
[BlackTeam "German Fed Rep"]
[WhiteTeamCountry "ISR"]
[BlackTeamCountry "GER"]

1. d4 Nf6 2. c4 e6 3. Nf3 c5 4. d5 exd5 5. cxd5 d6 6. Nc3 g6 7. Nd2 Bg7 8. Nc4 0-0 9. Bf4 Na6 10. Qd2 b5 11. Nxd6 b4 12. Nd1 Nc7 13. e4 Qe7 14. Ne3 Bd7 15. Be2 Nce8 16. e5 Nxd6 17. exd6 Qe4 18. Bg3 Rfe8 19. Rd1 Nh5 20. 0-0 1/2-1/2

[Event "WchT U26 03rd"]
[Site "Graz"]
[Date "1981.08.21"]
[Round "5"]
[White "Greenberg, N."]
[Black "Morrison, Graham"]
[Result "1/2-1/2"]
[WhiteElo "2295"]
[BlackElo "2315"]
[PlyCount "142"]
[EventDate "1981.08.17"]
[EventType "team-swiss"]
[EventRounds "11"]
[EventCountry "AUT"]
[SourceTitle "EXT 2020"]
[Source "ChessBase"]
[SourceDate "2019.10.17"]
[SourceVersion "1"]
[SourceVersionDate "2019.10.17"]
[SourceQuality "1"]
[WhiteTeam "Israel"]
[BlackTeam "Scotland"]
[WhiteTeamCountry "ISR"]
[BlackTeamCountry "SCO"]

1. Nf3 Nf6 2. g3 b6 3. Bg2 Bb7 4. 0-0 e6 5. d3 d5 6. Nbd2 Nbd7 7. b3 c5 8. Bb2 Be7 9. e4 0-0 10. Qe2 b5 11. exd5 Bxd5 12. Rfe1 Qc7 13. c4 Bc6 14. Bh3 Rfe8 15. Ng5 Bd6 16. Rac1 b4 17. Nde4 Nxe4 18. dxe4 Nf8 19. e5 Be7 20. Ne4 Red8 21. Bg2 Rd7 22. Qe3 Ng6 23. Rcd1 Rad8 24. Rxd7 Qxd7 25. f4 a5 26. Bf3 a4 27. Kf2 Qb7 28. Ke2 a3 29. Bc1 Rd4 30. Nf2 Nf8 31. Bxc6 Qxc6 32. Qf3 Qa6 33. Be3 Rxc4 34. bxc4 Qxc4+ 35. Nd3 Qc2+ 36. Bd2 c4 37. Nc1 c3 38. Qd3 Qxd2+ 39. Qxd2 cxd2 40. Kxd2 b3 41. Nxb3 Bb4+ 42. Kd1 Bxe1 43. Kxe1 g5 44. fxg5 Nd7 45. Nd4 Nxe5 46. Nc2 f6 47. gxf6 Kf7 48. Ke2 Nc6 49. Kd3 Kxf6 50. Kc4 Kf5 51. Nxa3 e5 52. Nc2 Ke4 53. a4 Na5+ 54. Kb5 Nb7 55. Kc6 Na5+ 56. Kd6 Nb7+ 57. Ke7 Kd3 58. Nb4+ Kc4 59. Nc6 Kd5 60. Kf6 e4 61. Ne7+ Kc4 62. Nf5 Kd3 63. Ke5 e3 64. Nxe3 Kxe3 65. g4 Kf3 66. Kf5 Nd6+ 67. Kg5 Ne4+ 68. Kf5 Nd6+ 69. Kg5 Ne4+ 70. Kh4 Kg2 71. h3 h6 1/2-1/2